000 01239nam a2200265 i 4500
001 178831
003 ES-MaACL
005 20230906220616.0
008 110714s2010 mx fo 011 0dspa d
020 _a9786070217401
080 _a929 Reyes, Alfonso
080 _a821.134.2(72) Reyes, Alfonso 1.06
245 0 0 _aAlfonso Reyes y las ciencias sociales
_b: homenaje a 120 años de su nacimiento y a 50 años de su muerte : memoria /
_cAlberto Enríquez Perea, coordinador.
250 _a1ª ed.
260 _aMéxico :
_bUniversidad Nacional Autónoma de México,
_c2010.
300 _a286 p., XVI p. de lám. fot. ;
_c23 cm.
505 0 _aHistoria y política. Periodismo y cine. Testimonios y recuerdos. Ciencias sociales y filosofía. Diplomacia y derecho. Alfonso Reyes y Francia
594 _aEn p. 11: "La Facultad de Ciencias Políticas y Sociales de la UNAM rindió... un homenaje a Alfonso Reyes..."
600 1 4 _aReyes, Alfonso,
_d1889-1959-
_xCrítica e interpretación
_996557
600 1 7 _aReyes, Alfonso,
_d1889-1959-
_vHomenajes
_2
_9147345
700 1 _aEnríquez Perea, Alberto.
_947291
710 2 _aUniversidad Nacional Autónoma de México.
_97397
852 _aES-MaACL
_jL-91
999 _c178831
_d178831